ឥទ្ធិពលថ្នាំកសិកម្មផ្សំពីរុក្ខជាតិទៅលើខ្មូតកាល់ឡូសូប្រូគុល ម៉ាគុលឡាទុស ដែលបំផ្លាញសណ្តែកបាយស្តុក (effect of botanicals on mungbean storage pest callosobruchus maculatus) (Record no. 410)

000 -LEADER
fixed length control field 00712nam a22001577a 4500
003 - CONTROL NUMBER IDENTIFIER
control field OSt
005 - DATE AND TIME OF LATEST TRANSACTION
control field 20150914095358.0
008 - FIXED-LENGTH DATA ELEMENTS--GENERAL INFORMATION
fixed length control field 150914b xxu||||| |||| 00| 0 eng d
040 ## - CATALOGING SOURCE
Transcribing agency RUA
082 ## - DEWEY DECIMAL CLASSIFICATION NUMBER
Classification number AGR KLO 2000 B022 Or.1
100 ## - MAIN ENTRY--PERSONAL NAME
9 (RLIN) 432
Personal name KLOT, SAMOEUN.
245 ## - TITLE STATEMENT
Title ឥទ្ធិពលថ្នាំកសិកម្មផ្សំពីរុក្ខជាតិទៅលើខ្មូតកាល់ឡូសូប្រូគុល ម៉ាគុលឡាទុស ដែលបំផ្លាញសណ្តែកបាយស្តុក (effect of botanicals on mungbean storage pest callosobruchus maculatus)
260 ## - PUBLICATION, DISTRIBUTION, ETC. (IMPRINT)
Place of publication, distribution, etc. Phnom Penh
Name of publisher, distributor, etc. RUA
Date of publication, distribution, etc. 2000
300 ## - PHYSICAL DESCRIPTION
Extent 72p.
Other physical details ill.
Dimensions 29cm.
942 ## - ADDED ENTRY ELEMENTS (KOHA)
Source of classification or shelving scheme
Koha item type AGR
Holdings
Price effective from Date last seen Permanent Location Not for loan Date acquired Source of classification or shelving scheme Koha item type Lost status Withdrawn status Date last checked out Total Checkouts Shelving location Damaged status Barcode Current Location Full call number
2015-09-142015-09-14Library Block B 2015-09-14 AGR    B022 RUA001849Library Block BAGR KLO 2000 B022 Or.1
2015-09-142015-09-14Library Block B 2015-09-14 AGR    B022 RUA001709Library Block BAGR KLO 2000 B022 Or.2
2015-09-142015-09-14Library Block B 2015-09-14 AGR    B022 RUA001991Library Block BAGR KLO 2000 B022 Or.3
2015-09-142015-09-14Library Block B 2015-09-14 AGR    B022 RUA001783Library Block BAGR KLO 2000 B022 Or.4
2015-09-142015-09-14Library Block B 2015-09-14 AGR    B022 RUA001631Library Block BAGR KLO 2000 B022 Or.5
2015-09-142015-09-14Library Block B 2015-09-14 AGR    B022 RUA001843Library Block BAGR KLO 2000 B022 Or.6
2015-09-142017-07-25Library Block B 2015-09-14 AGR  2017-01-161B022 RUA001915Library Block BAGR KLO 2000 B022 Or.7
2015-09-142015-09-14Library Block B 2015-09-14 AGR    B022 RUA001919Library Block BAGR KLO 2000 B022 Or.8
មជ្ឈមណ្ឌលឯការនៃសាកលវិទ្យាល័យភូមិន្ទកសិកម្មចំការដូង

Powered by Koha